[Event "chess.com SpeedChess Q2Sw"]
[Site "chess.com INT"]
[Date "2023.08.23"]
[Round "4"]
[White "Svane, R."]
[Black "Lenderman, A."]
[Result "1-0"]
[WhiteElo "2631"]
[BlackElo "2547"]
[PlyCount "151"]
[EventDate "2023.08.23"]

1. Nf3 Nf6 2. g3 b5 3. Bg2 Bb7 4. d3 d5 5. O-O e6 6. c4 a6 7. cxd5 Nxd5 8. a4 bxa4 $146 ({RR} 8... Nd7 9. Nc3 b4 10. Nxd5 Bxd5 11. e4 Bb7 12. Re1 Be7 13. d4 a5 14. Bf4 O-O 15. Rc1 Rc8 16. d5 exd5 17. exd5 Nb6 18. Nd4 Nxd5 19. Rxe7 Nxf4 20. Bxb7 Qxe7 21. Bxc8 Rxc8 22. gxf4 Qe4 23. Qg4 {Kunte,A (2499)-Mitrabha,G (2303) Moscow 2018 1-0 (39)}) ({RR} 8... Be7 9. axb5 axb5 10. Rxa8 Bxa8 11. Qb3 c6 12. Nc3 O-O 13. Bd2 b4 14. Ne4 c5 15. Rc1 Nd7 16. Be1 Bb7 17. Qd1 h6 18. Ned2 N5b6 19. Ne5 Bxg2 20. Nxd7 Qxd7 21. Kxg2 Qd5+ 22. Kg1 Ra8 23. Ra1 {Artemiev,V (2699)-Mamedyarov,S (2762) chess24.com INT 2021 ½-½ (89)}) ({RR} 8... Nd7 9. Bg5 Be7 10. Bxe7 Qxe7 11. Na3 Qb4 12. axb5 axb5 13. Qd2 Qxd2 14. Nxd2 c6 15. Nc2 Ke7 16. Nb3 c5 17. Na5 Rab8 18. d4 Rhc8 19. Nxb7 Rxb7 20. Bxd5 exd5 21. dxc5 b4 22. Nd4 Rxc5 23. Rfd1 {Bailet,P (2478)-Rodriguez Ferreiros,A (2085) Maia POR 2024 1-0 (33)}) 9. Nc3 Nxc3 10. bxc3 Be7 11. Qxa4+ Bc6 12. Qg4 O-O 13. Bh6 Bf6 14. Rfc1 Nd7 15. Be3 Qe7 16. h4 Rfb8 17. h5 a5 18. h6 g6 19. Nd2 Bxg2 20. Kxg2 Bh8 21. Qa4 Nb6 22. Bxb6 cxb6 23. Qb5 Qb7+ 24. Kg1 Qd5 25. Rab1 a4 26. Rc2 a3 27. Qb4 Qh5 28. Nc4 Qxh6 29. Nxa3 Qg5 30. Nb5 Ra5 31. Nd4 Qc5 32. Qxc5 Rxc5 33. Nb5 Rbc8 34. c4 Bg7 35. Ra2 Rb8 36. Ra6 Bf6 37. Na3 Bd8 38. Rb5 Rc6 39. Kg2 Bc7 40. Nc2 Rd8 41. Nb4 Rcd6 42. Ra7 Bb8 43. Rb7 e5 44. Rxe5 Rf6 45. Re4 Bd6 46. Rxb6 Rf5 47. Rb5 Rxb5 48. cxb5 Rb8 49. Nd5 Rxb5 50. Ne3 Kg7 51. Nc4 Bf8 52. f4 Rc5 53. Kf3 h5 54. Re5 Rc7 55. Rd5 Rb7 56. Ne5 Be7 57. Rd7 Rxd7 58. Nxd7 f6 59. e4 Kf7 60. d4 Ke6 61. Nb6 Bd8 62. Nc4 g5 63. d5+ Kf7 64. fxg5 fxg5 65. e5 g4+ 66. Kf4 Kg6 67. d6 Bg5+ 68. Ke4 h4 69. gxh4 Bxh4 70. Ne3 g3 71. Kf3 Bg5 72. e6 Kf6 73. e7 Kf7 74. Nf5 g2 75. Kxg2 Bf4 76. d7 1-0

[Event "chess.com SpeedChess Q2Sw"]
[Site "chess.com INT"]
[Date "2023.08.23"]
[Round "5"]
[White "Svane, R."]
[Black "Bluebaum, M."]
[Result "1-0"]
[WhiteElo "2631"]
[BlackElo "2670"]
[PlyCount "87"]
[EventDate "2023.08.23"]

1. Nf3 d5 2. e3 e6 3. b3 Nf6 4. Bb2 Bd6 5. d4 O-O 6. Bd3 Nbd7 ({RR} 6... b6 7. Nbd2 Bb7 8. c4 Nbd7 9. a4 a5 10. O-O Qe7 11. Ne5 c5 12. Nxd7 Nxd7 13. cxd5 exd5 14. dxc5 bxc5 15. Re1 Nf6 16. Qc2 h6 17. e4 d4 18. e5 Ng4 19. exd6 Qh4 20. Nf1 {1-0 (20) Nakamura,H (2750)-Oparin,G (2674) Chess.com INT 2022}) ({RR} 6... Ne4 7. O-O Nd7 8. c4 f5 9. c5 Be7 10. b4 g5 11. Nfd2 Ndf6 12. f3 Nxd2 13. Nxd2 Bd7 14. e4 Nh5 15. g3 Qe8 16. Qe2 a6 17. a4 Ng7 18. b5 axb5 19. axb5 Rxa1 20. Rxa1 g4 21. exd5 {Zherebtsova,A (2229)-Roebers,E (2367) Rhodes GRE 2025 0-1 (39)}) ({RR} 6... b6 7. O-O c5 8. c4 Bb7 9. Nbd2 Nc6 10. Ne5 cxd4 11. exd4 dxc4 12. Ndxc4 Be7 13. Nxc6 Bxc6 14. Ne5 Bb7 15. Qe2 Qd5 16. f3 Rac8 17. Rac1 Qd6 18. Ba6 Qb8 19. Rxc8 Rxc8 20. Rc1 Rxc1+ 21. Bxc1 {Ayushh,R (2003)-Bluebaum,M (2654) chess.com INT 2024 0-1 (50)}) 7. O-O b6 8. c4 $146 ({RR} 8. Nbd2 Bb7 9. c3 Re8 10. Re1 e5 11. dxe5 Bxe5 12. Nxe5 Nxe5 13. Nf3 Nxd3 14. Qxd3 Ne4 15. Nd2 c5 16. Nxe4 dxe4 17. Qxd8 Raxd8 18. Rad1 Ba6 19. c4 f6 20. a4 Kf7 21. Kf1 Bb7 22. Ke2 Bc6 {Voicu,G-Radulescu,V (1761) Voineasa 2010 ½-½ (33)}) 8... Bb7 9. cxd5 exd5 10. Ba3 Qe7 11. Bxd6 Qxd6 12. Nc3 a6 13. Qc2 c5 14. Rfd1 Rfd8 15. Rac1 Qe7 16. Bf5 Nf8 17. Na4 g6 18. Bh3 N6d7 19. dxc5 bxc5 20. Nxc5 Rac8 21. b4 Ne6 22. Bxe6 fxe6 23. Qb2 Nb6 24. Ne5 Ba8 25. Qd4 Nc4 26. Nxc4 dxc4 27. Qxc4 Bd5 28. Qe2 a5 29. a3 axb4 30. axb4 Ba8 31. e4 Rf8 32. h3 Rce8 33. Qe3 Qh4 34. b5 Rb8 35. Nd7 Bxe4 36. Nxb8 Rxb8 37. Rd4 Rxb5 38. Rxe4 Qd8 39. Rxe6 Rd5 40. Re8+ Qxe8 41. Qxe8+ Kg7 42. Qe7+ Kh6 43. Rc4 Kh5 44. Rh4# 1-0

[Event "chess.com SpeedChess Q2Sw"]
[Site "chess.com INT"]
[Date "2023.08.23"]
[Round "6"]
[White "Jumabayev, R."]
[Black "Flores, Di"]
[Result "1-0"]
[WhiteElo "2589"]
[BlackElo "2534"]
[PlyCount "73"]
[EventDate "2023.08.23"]

1. Nf3 d5 2. e3 Nf6 3. b3 Bg4 4. Bb2 e6 5. h3 Bh5 6. g4 Bg6 7. Ne5 Nbd7 8. Nxg6 hxg6 9. Bg2 Bd6 10. d3 c6 11. Nd2 Qe7 12. a3 O-O-O 13. b4 Kb8 14. c4 g5 $146 ({RR} 14... dxc4 15. Nxc4 Bc7 16. Qb3 e5 17. a4 e4 18. d4 Nd5 19. Ba3 f5 20. b5 c5 21. O-O-O Nb4 22. Bxb4 cxb4 23. f3 Rc8 24. Kb1 Nf6 25. fxe4 Nxe4 26. Bxe4 Qxe4+ 27. Qc2 Qd5 28. Rc1 fxg4 29. Qxg6 {Schmidt,W (1840)-Weigel,H (2185) Bad Woerishofen 2000 0-1 (33)}) 15. Qc2 Bc7 16. O-O-O Nf8 17. Kb1 Ng6 18. Rhe1 Rd7 19. Rc1 Nh4 20. Bf1 Rhd8 21. Nb3 dxc4 22. Qxc4 Nf3 23. Red1 Ne5 24. Qc2 Nf3 25. Nc5 Rd6 26. Be2 Nh4 27. Qb3 Nd7 28. Ne4 Rd5 29. a4 f6 30. Nc3 Rd6 31. Ba3 Bb6 32. a5 Bc7 33. a6 b6 34. Ne4 Ne5 35. Nxd6 Qxd6 36. d4 Nd7 37. b5 1-0

[Event "chess.com SpeedChess Q2Sw"]
[Site "chess.com INT"]
[Date "2023.08.23"]
[Round "7"]
[White "Meier, Geo"]
[Black "Kosteniuk, A."]
[Result "1-0"]
[WhiteElo "2629"]
[BlackElo "2532"]
[PlyCount "47"]
[EventDate "2023.08.23"]

1. Nf3 Nf6 2. g3 c5 3. Bg2 Nc6 4. O-O d5 5. d4 cxd4 6. Nxd4 g6 7. c4 Bg7 ({RR} 7... Nxd4 8. Qxd4 Be6 9. Rd1 dxc4 10. Bxb7 Qxd4 11. Rxd4 Rd8 12. Rxd8+ Kxd8 13. Nc3 Bg7 14. Bf4 Nd7 15. Rd1 Bh3 16. Ba6 e5 17. Bg5+ f6 18. Be3 Ke7 19. Nd5+ Kf7 20. Bxc4 Be6 21. Nc7 Bxc4 22. Rxd7+ {Nakamura,H (2768)-Poltorak,S (2332) Chess.com INT 2022 1-0}) ({RR} 7... Bd7 8. cxd5 Nxd4 9. Qxd4 Bg7 10. Nc3 O-O 11. Qd3 Rc8 12. h3 Ne8 13. Be3 Nd6 14. Bd4 Bh6 15. e4 Nc4 16. b3 e5 17. dxe6 Bxe6 18. bxc4 Bxc4 19. Qd1 Bxf1 20. Bxf1 Qa5 21. Nd5 Bg5 22. h4 {Arakelyan,M (2282)-Lai,H (2036) chess.com INT 2025 1-0}) 8. cxd5 Nxd5 9. Nc3 $146 ({RR} 9. Nxc6 bxc6 10. e4 Nb6 11. Qc2 O-O 12. Rd1 Qc7 13. Nc3 Bg4 14. f3 Be6 15. Be3 Nc4 16. Bc5 Rab8 17. Rab1 Rfd8 18. b3 Qe5 19. Na4 Rxd1+ 20. Rxd1 Nb6 21. Bxb6 axb6 22. Qxc6 Qa5 23. Qc7 Be5 {Apostoae,L (2182)-Vajda,S (2391) Baile Tusnad 2005 0-1}) 9... Nxc3 10. bxc3 Nxd4 11. cxd4 O-O 12. Rb1 Rb8 13. Bf4 Ra8 14. d5 a5 15. Qd2 a4 16. a3 Ra6 17. Rfc1 e5 18. Be3 Re8 19. Bc5 e4 20. d6 Rc6 21. Qb4 Qd7 22. Bxe4 Rxc5 23. Rxc5 Qg4 24. Bxb7 1-0

[Event "chess.com SpeedChess Q2Sw"]
[Site "chess.com INT"]
[Date "2023.08.23"]
[Round "7"]
[White "Tabatabaei, M."]
[Black "Dreev, A."]
[Result "1-0"]
[WhiteElo "2696"]
[BlackElo "2606"]
[PlyCount "49"]
[EventDate "2023.08.23"]

1. Nf3 d5 2. g3 c6 3. Bg2 Bg4 4. h3 Bh5 5. O-O e6 6. c4 Nf6 7. d4 Nbd7 8. cxd5 exd5 9. Ne5 Bg6 10. Nc3 Bd6 11. f4 Be4 12. Nxe4 Nxe4 13. Bxe4 dxe4 14. Qb3 O-O $146 ({RR} 14... Bxe5 15. dxe5 Nb6 16. Qb4 Qd5 17. b3 O-O-O 18. Be3 Qe6 19. Kh2 f6 20. Qxe4 fxe5 21. fxe5 Rd5 22. Bd4 Nd7 23. Rf2 Re8 24. Raf1 Qg6 25. Qe3 b6 26. b4 Nxe5 27. Rf8 Rdd8 28. Rxe8 Rxe8 29. Bxe5 {Giri,A (2749)-Maghsoodloo,P (2740) Wijk aan Zee NED 2024 ½-½ (63)}) 15. Qxb7 Nf6 16. Qxc6 Rc8 17. Qa4 Qb6 18. b3 Nd5 19. Bb2 Rc2 20. Nc4 Qc7 21. Qb5 Nb6 22. Rac1 Rxc1 23. Bxc1 Rc8 24. Nxb6 axb6 25. Be3 1-0

[Event "chess.com SpeedChess Q2Sw"]
[Site "chess.com INT"]
[Date "2023.08.23"]
[Round "7"]
[White "Carlsen, M."]
[Black "Bortnyk, Olexandr"]
[Result "1-0"]
[WhiteElo "2835"]
[BlackElo "2608"]
[PlyCount "93"]
[EventDate "2023.08.23"]

1. Nf3 Nf6 2. g3 b6 3. Bg2 Bb7 4. O-O g6 5. d3 Bg7 6. e4 d6 7. Re1 O-O 8. Nc3 ({RR} 8. Nbd2 c5 9. c3 Nc6 10. d4 cxd4 11. cxd4 Rc8 12. a3 Nd7 13. Nb3 e5 14. Bg5 Bf6 15. Bh6 Bg7 16. Bg5 Bf6 17. Bh6 Bg7 18. Qd2 Qe7 19. Rad1 Bxh6 20. Qxh6 Nxd4 21. Nbxd4 exd4 22. Nxd4 Ne5 {Ghasi,A (2502)-Johansson,L (2392) Fagernes NOR 2025 ½-½ (56)}) ({RR} 8. c3 e5 9. Nbd2 Nbd7 10. d4 Re8 11. Qc2 exd4 12. cxd4 c5 13. d5 b5 14. a4 a6 15. Nf1 c4 16. Bf4 Nc5 17. Nd4 Nxa4 18. Nc6 Bxc6 19. dxc6 Nh5 20. Rxa4 Nxf4 21. gxf4 bxa4 22. Qxa4 Qf6 {Vlachos,A (2455)-Bortnyk,O (2603) chess.com INT 2024 0-1 (31)}) 8... c5 9. d4 cxd4 10. Nxd4 Qd7 $146 ({RR} 10... Nfd7 11. Bg5 h6 12. e5 Bxg2 13. exd6 Qc8 14. dxe7 Re8 15. Ncb5 Nc6 16. Nd6 Nxd4 17. Nxc8 Bf3 18. Qd3 Raxc8 19. Bxh6 Nc5 20. Qe3 Nxc2 21. Qxf3 Bxh6 22. Rad1 Nxe1 23. Rxe1 Bg7 24. h4 Ne6 25. h5 {Srihari,L (2484)-Nihal,S (2676) Doha QAT 2024 0-1 (56)}) 11. Nd5 Nc6 12. Nxc6 Bxc6 13. Bg5 Bxd5 14. exd5 Rac8 15. c3 Rfe8 16. a4 h6 17. Bd2 Qf5 18. Qb1 Qxb1 19. Rexb1 a5 20. Be3 Rb8 21. Ra3 Nd7 22. Bf1 Rec8 23. Bb5 Ne5 24. Rb3 Rc7 25. h3 f5 26. Kg2 Kf7 27. Ra1 g5 28. f4 gxf4 29. gxf4 Nd7 30. Bxd7 Rxd7 31. Raa3 Rdb7 32. Rb5 Bf6 33. Bf2 e6 34. dxe6+ Kxe6 35. c4 Rc8 36. b3 Rc5 37. Bxc5 dxc5 38. Ra2 Kd6 39. Re2 Bc3 40. Kf3 h5 41. Re8 Kc6 42. Rf8 Bd4 43. Rxf5 Re7 44. Rxh5 Re3+ 45. Kg4 Re6 46. Rg5 Re1 47. Rg6+ 1-0

[Event "chess.com SpeedChess Q2Sw"]
[Site "chess.com INT"]
[Date "2023.08.23"]
[Round "7"]
[White "Nakamura, Hi"]
[Black "Svane, R."]
[Result "1-0"]
[WhiteElo "2787"]
[BlackElo "2631"]
[PlyCount "87"]
[EventDate "2023.08.23"]

1. Nf3 d5 2. e3 Nf6 3. b3 e6 4. c4 Bd6 5. Bb2 O-O 6. g3 c5 ({RR} 6... b6 7. Bg2 Bb7 8. O-O Nbd7 9. Qe2 Qe7 10. d3 c5 11. Nc3 a6 12. Rfd1 Rac8 13. Nh4 Bb8 14. cxd5 exd5 15. d4 Qe6 16. Qf1 cxd4 17. exd4 g6 18. Re1 Qd6 19. Qd3 Rfe8 20. Rac1 Nf8 21. Nf3 {Nakamura,H (2802)-Niemann,H (2733) Paris FRA 2024 1-0 (52)}) 7. Bg2 ({RR} 7. cxd5 exd5 8. Bg2 Nc6 9. O-O Bf5 10. d4 c4 11. Nc3 a6 12. a4 Bb4 13. Ne5 Rc8 14. bxc4 dxc4 15. Nxc6 bxc6 16. Re1 Re8 17. Rc1 Bd3 18. Bf1 Bxf1 19. Rxf1 Qd7 20. Na2 Bd6 21. Rxc4 h5 {Sonis,F (2565)-Shankland,S (2670) chess.com INT 2025 0-1 (54)}) 7... Nc6 8. O-O b6 $146 ({RR} 8... Qe7 9. cxd5 exd5 10. Re1 Bg4 11. h3 Bh5 12. Nc3 Rad8 13. g4 Bg6 14. d4 Rfe8 15. Nb5 Bb8 16. dxc5 Ne4 17. Nbd4 Qxc5 18. Rc1 Qd6 19. a3 h6 20. Nxc6 bxc6 21. b4 a5 22. Qd4 f6 23. h4 {Nakamura,H (2780)-Zhigalko,S (2572) chess.com INT 2023 0-1 (34)}) 9. d4 Bb7 10. cxd5 Nxd5 11. e4 Nde7 12. e5 Bc7 13. dxc5 bxc5 14. Qe2 Qc8 15. Na3 Ba6 16. Nc4 Na5 17. Nfd2 Nxc4 18. Nxc4 Bb7 19. Nd6 Bxd6 20. exd6 Nf5 21. Bxb7 Qxb7 22. Rfd1 Rad8 23. Qe5 Qf3 24. Rd2 Rd7 25. Ba3 Rfd8 26. Bxc5 h5 27. Re1 h4 28. Qe4 Qxe4 29. Rxe4 hxg3 30. hxg3 Kf8 31. Ra4 Ke8 32. Ra6 f6 33. b4 g5 34. b5 e5 35. a4 Kf7 36. Rxa7 Rxa7 37. Bxa7 Ke6 38. a5 Nxd6 39. Bc5 Nb7 40. Rxd8 Nxd8 41. a6 Nf7 42. a7 Nh6 43. a8=Q Ng4 44. Qc8+ 1-0

[Event "chess.com SpeedChess Q2Sw"]
[Site "chess.com INT"]
[Date "2023.08.23"]
[Round "9"]
[White "Cordova, E."]
[Black "Svane, R."]
[Result "1-0"]
[WhiteElo "2538"]
[BlackElo "2631"]
[PlyCount "36"]
[EventDate "2023.08.23"]

1. Nf3 d5 2. g3 Nf6 3. Bg2 e6 4. O-O Be7 5. d4 O-O 6. c4 dxc4 7. Na3 Bxa3 8. bxa3 Bd7 9. Ne5 Bc6 10. Nxc6 Nxc6 11. Bb2 ({RR} 11. Bxc6 bxc6 12. Bg5 h6 13. Bxf6 Qxf6 14. Rc1 c5 15. dxc5 Qb2 16. Rxc4 Qxa2 17. Ra4 Rad8 18. Qc1 Qxe2 19. Rxa7 c6 20. Re1 Qa2 21. Rd1 Rxd1+ 22. Qxd1 Qc4 23. Qd6 Qe4 24. h4 Qe1+ 25. Kg2 Qe4+ {Xiong,J (2707)-Radjabov,T (2758) Khanty-Mansiysk 2019 ½-½}) 11... Qd7 ({RR} 11... Nd5 12. a4 Qd6 13. Qc1 Rfd8 14. Qxc4 Nb6 15. Qc2 Nxd4 16. Bxd4 Qxd4 17. Bxb7 Rab8 18. Bc6 a5 19. e3 Qe5 20. Rac1 g6 21. Qc5 Qxc5 22. Rxc5 Rd2 23. a3 Nd5 24. Rxa5 Rb3 25. Ra8+ Kg7 26. Rd8 {Czebe,A (2336)-Pagan,J (2036) New York USA 2024 ½-½ (69)}) 12. Qc2 $146 ({RR} 12. Qa4 b5 13. Qxb5 Rab8 14. Qxc4 Rxb2 15. Bxc6 Qd6 16. Bf3 Qxa3 17. Qxc7 Rxa2 18. Qc1 Rxa1 19. Qxa1 Qe7 20. Rb1 Nd5 21. Qa6 Nb4 22. Qb5 Nd5 23. Qa6 Nb4 24. Qb5 Nd5 25. Ra1 Rd8 26. Qa6 Nb6 {Glek,I (2500)-Timoscenko,G (2455) Frunze 1988 ½-½ (32)}) 12... b5 13. Rad1 a6 14. d5 exd5 15. Bxf6 gxf6 16. Rxd5 Qg4 17. Be4 Qg7 18. Rh5 b4 1-0

[Event "chess.com SpeedChess Q2Sw"]
[Site "chess.com INT"]
[Date "2023.08.23"]
[Round "9"]
[White "Meier, Geo"]
[Black "Hakobyan, Aram"]
[Result "1-0"]
[WhiteElo "2629"]
[BlackElo "2612"]
[PlyCount "71"]
[EventDate "2023.08.23"]

1. Nf3 d5 2. g3 Nc6 3. d4 Bf5 4. Bg2 e6 5. O-O Nb4 6. Na3 c6 7. c3 Na6 8. Qb3 ({RR} 8. Qa4 Nf6 9. Ne5 Nc7 10. c4 Bd6 11. Bf4 O-O 12. Qb3 Rb8 13. Rac1 h6 14. Rfd1 Re8 15. c5 Bf8 16. Nb1 Nd7 17. Nxd7 Qxd7 18. Nc3 b6 19. cxb6 Rxb6 20. Qa4 Ra6 21. Qb3 Rb6 22. Qa4 Ra6 {Svidler,P (2747)-Anand,V (2786) Zuerich 2017 ½-½}) ({RR} 8. b3 Nf6 9. Bb2 Be7 10. Nc2 O-O 11. Nce1 c5 12. Nd3 Be4 13. Nxc5 Nxc5 14. dxc5 Bxc5 15. e3 Rc8 16. Rc1 b5 17. Nd4 Bxg2 18. Kxg2 a6 19. Qf3 Qb6 20. Rfd1 Rc7 21. h4 Rfc8 22. h5 h6 {Mostbauer,M (2178)-Shandrygin,N (2209) chess.com INT 2025 0-1}) 8... Qb6 9. Nh4 Bg4 10. f3 $146 ({RR} 10. e4 Be7 11. exd5 Qxb3 12. axb3 exd5 13. Re1 Be6 14. Nf3 h6 15. b4 Nc7 16. Bf4 O-O-O 17. b5 Bxa3 18. Bxc7 Kxc7 19. Rxa3 cxb5 20. Rxa7 Kb6 21. Raa1 Nf6 22. Ne5 Rhe8 23. Nd3 Bf5 24. Nb4 Be4 {Markowski,T (2605)-Wernert,W (2365) Germany 2009 1-0 (44)}) 10... Bh5 11. e4 Nf6 12. g4 Bg6 13. e5 Nd7 14. Nxg6 hxg6 15. f4 O-O-O 16. Be3 f5 17. g5 Kb8 18. Bf2 Rc8 19. Rfc1 Qa5 20. Nc2 Nb6 21. Bf1 c5 22. a4 c4 23. Qa2 Be7 24. Ne3 Rc7 25. b3 cxb3 26. Qxb3 Rhc8 27. Be1 Nc4 28. Nxc4 dxc4 29. Qb5 Qb6 30. Bg2 Ka8 31. Rcb1 Rd8 32. Bf2 Nb8 33. Qxb6 axb6 34. Rxb6 Nc6 35. a5 Ka7 36. d5 1-0

[Event "chess.com SpeedChess Q2Sw"]
[Site "chess.com INT"]
[Date "2023.08.23"]
[Round "12"]
[White "Meier, Geo"]
[Black "Van Foreest, Jorden"]
[Result "1-0"]
[WhiteElo "2629"]
[BlackElo "2697"]
[PlyCount "99"]
[EventDate "2023.08.23"]

1. Nf3 Nc6 2. g3 e5 3. d3 d5 4. Bg2 Nf6 5. a3 a5 ({RR} 5... Bd6 6. Bg5 Be6 7. Nfd2 Be7 8. c4 dxc4 9. dxc4 Qd7 10. Nc3 Rd8 11. O-O h6 12. Bxf6 Bxf6 13. Nd5 Bg5 14. Ne4 Be7 15. Qa4 O-O 16. e3 f5 17. Nec3 Bd6 18. Rad1 Qf7 19. Qb5 e4 20. c5 {Nakamura,H (2770)-Meier,G (2656) Dortmund 2011 1-0 (34)}) 6. Nc3 ({RR} 6. b3 Bd6 7. Bb2 O-O 8. Nc3 Re8 9. O-O Bf8 10. h3 h6 11. e4 dxe4 12. dxe4 Nd4 13. Nxd4 exd4 14. Nd5 c5 15. Nxf6+ Qxf6 16. a4 Bd7 17. f4 Qg6 18. Qd3 Qa6 19. Qxa6 Rxa6 20. Rfe1 g5 {Ten Hertog,H (2528)-Garner,I (2377) Karlsruhe GER 2025 ½-½ (37)}) 6... Be7 7. O-O $146 ({RR} 7. Bg5 Be6 8. a4 O-O 9. O-O h6 10. Bxf6 Bxf6 11. Nd2 Nb4 12. e4 c6 13. f4 exf4 14. gxf4 dxe4 15. Bxe4 Bd4+ 16. Kh1 f5 17. Bg2 Qf6 18. Ra3 Rae8 19. Nf3 Nd5 20. Nxd5 Bxd5 21. c3 Be3 {Hendrix,J (1944)-Stern,R (2521) Bad Wiessee 2016 0-1 (31)}) 7... O-O 8. e4 dxe4 9. Nxe4 Nxe4 10. dxe4 Be6 11. Be3 a4 12. Re1 f6 13. Bf1 Na5 14. Nd2 Qe8 15. b4 axb3 16. cxb3 Qf7 17. b4 Nb3 18. Nxb3 Bxb3 19. Qc1 Bd6 20. Rb1 Ba2 21. Ra1 Be6 22. Bc5 Bxc5 23. Qxc5 Rfd8 24. a4 h6 25. a5 c6 26. Rad1 Bb3 27. Rb1 Kh7 28. Qc3 Be6 29. Rbd1 Qe7 30. h4 Bg4 31. Rb1 Rd4 32. b5 cxb5 33. Rxb5 Rc8 34. Qb2 Rc7 35. Rb1 Bf3 36. Bg2 Bxg2 37. Kxg2 Rdd7 38. Qe2 Qf7 39. h5 Rd4 40. Qf3 Qd7 41. R1b3 Rd1 42. Qf5+ Qxf5 43. exf5 Rdd7 44. g4 Kg8 45. Kg3 Kf7 46. f3 Ke7 47. Rb1 Kd8 48. Rb6 Kc8 49. a6 bxa6 50. Rb8# 1-0

[Event "chess.com Speed Q2KO Lose"]
[Site "chess.com INT"]
[Date "2023.08.24"]
[Round "2.5"]
[White "Iturrizaga Bonelli, Eduardo"]
[Black "Sadhwani, Raunak"]
[Result "1-0"]
[WhiteElo "2617"]
[BlackElo "2624"]
[PlyCount "85"]
[EventDate "2023.08.24"]
[EventType "k.o."]

1. Nf3 d5 2. e3 Nf6 3. c4 e6 4. Nc3 Bd6 5. d4 b6 6. cxd5 exd5 7. g3 O-O 8. Bg2 Ba6 9. Ne2 c5 10. O-O Nc6 11. Re1 Re8 $146 ({RR} 11... Nb4 12. Nf4 Bxf4 13. exf4 Rc8 14. dxc5 Nd3 15. Re3 Nxc1 16. Rxc1 bxc5 17. Ne5 Bb7 18. Rec3 Qb6 19. b3 Rfd8 20. Qc2 Ne4 21. Bxe4 dxe4 22. Nc4 Qa6 23. Ne3 h5 24. h4 g6 25. Kg2 Rc7 26. a4 {Iturrizaga Bonelli,E (2626)-Tabatabaei,M (2683) chess.com INT 2023 1-0 (56)}) 12. Nf4 Bxf4 13. gxf4 Rc8 14. b3 Nb4 15. dxc5 Nd3 16. cxb6 Qxb6 17. Bd2 Ne4 18. Rf1 Rc6 19. Ne1 Ndc5 20. Nf3 Bxf1 21. Qxf1 Nxd2 22. Nxd2 Rg6 23. Kh1 d4 24. Nc4 Qf6 25. Ne5 dxe3 26. fxe3 Rxe5 27. fxe5 Qxe5 28. Rd1 Rd6 29. Rxd6 Qxd6 30. Qf4 Qd1+ 31. Bf1 h6 32. Kg1 Qc1 33. Qd4 g6 34. b4 Ne6 35. Qxa7 Qd2 36. b5 Ng5 37. Qb8+ Kh7 38. Qf4 Qxa2 39. h4 Ne6 40. Qxf7+ Kh8 41. Qxg6 Ng7 42. Qxh6+ Kg8 43. Qf4 1-0

[Event "TCh-ESP Div 1 2023"]
[Site "Linares ESP"]
[Date "2023.08.22"]
[Round "3.2"]
[White "Grigoryan, K2."]
[Black "Andersen, Mad"]
[Result "1-0"]
[WhiteElo "2619"]
[BlackElo "2610"]
[PlyCount "119"]
[EventDate "2023.08.20"]
[WhiteTeam "FCC MEDIO AMBIENTE BENALMADENA"]
[BlackTeam "C.D. XADREZ OURENSE"]

1. Nf3 d5 2. g3 g6 3. c4 dxc4 4. Qa4+ Nc6 5. Qxc4 Bg7 6. Bg2 e5 7. d3 Nge7 8. O-O O-O 9. Nc3 h6 10. Bd2 a5 11. Rfc1 Be6 12. Qa4 Nd4 13. Qd1 b6 $146 ({RR} 13... Rc8 14. Nxd4 exd4 15. Nb5 c6 16. Na3 b5 17. Qe1 a4 18. Bb4 Re8 19. Bc5 Bd5 20. Bh3 Nf5 21. Qd2 h5 22. Bxf5 gxf5 23. Nc2 Be6 24. Qf4 Kh7 25. Re1 Qd5 26. Bxd4 Bh6 27. Qh4 f4 28. e4 {Ladva,O (2423)-Sirosh,I (2323) Narva 2015 1-0 (39)}) 14. Ne1 Rc8 15. e3 Ndf5 16. Ne4 c5 17. Bc3 Nd5 18. Nf3 Nxc3 19. Nxc3 Ne7 20. Qe2 Qd7 21. Nd2 Rfd8 22. Bf1 Rb8 23. Qd1 f5 24. Nc4 b5 25. Nxa5 Qa7 26. Nb3 b4 27. Ne4 fxe4 28. Nxc5 Bf7 29. Nxe4 Qb6 30. a4 Nc6 31. Rc5 Na5 32. Rac1 Nb3 33. Rb5 Qa7 34. Rc6 Qxa4 35. Rxb8 Rxb8 36. Rc7 Rf8 37. Qc2 Bd5 38. Nd2 Qa2 39. Nc4 Na1 40. Qd2 Qb3 41. Nd6 Qa4 42. d4 exd4 43. Rxg7+ Kxg7 44. Qxd4+ Kh7 45. Qxd5 Qc2 46. Qb7+ Kh8 47. Nf7+ Kg8 48. Nxh6+ Kh8 49. Ng4 Qxb2 50. Qe7 Qg7 51. Qxb4 Nc2 52. Qa5 Rb8 53. Qd2 Rc8 54. h4 Kh7 55. Kh2 Rc7 56. Bg2 Qe7 57. Be4 Qc5 58. Nf6+ Kh6 59. Qd8 Rc8 60. Qd7 1-0

[Event "Julius Baer Rapid Div 1 W"]
[Site "chess.com INT"]
[Date "2023.08.30"]
[Round "1.3"]
[White "So, W."]
[Black "Eljanov, P."]
[Result "1-0"]
[WhiteElo "2769"]
[BlackElo "2695"]
[PlyCount "111"]
[EventDate "2023.08.30"]
[EventType "k.o."]

1. Nf3 g6 2. e4 Bg7 3. d4 d6 4. Bc4 e6 5. O-O Ne7 6. Qe2 a6 ({RR} 6... O-O 7. Nc3 c6 8. e5 d5 9. Bd3 b5 10. Nd1 a5 11. Bg5 h6 12. Bh4 g5 13. Nxg5 hxg5 14. Bxg5 Qe8 15. Bf6 Nd7 16. Qh5 Ng6 17. Qg5 Nxf6 18. exf6 Qd8 19. Ne3 Qxf6 20. Qh5 Qf4 21. Ng4 {Solberg,J (2164)-Manukian,A (2196) chess.com INT 2024 1-0 (31)}) 7. a4 b6 8. Rd1 $146 ({RR} 8. Re1 Bb7 9. Nbd2 Nd7 10. Nf1 O-O 11. Ng3 d5 12. exd5 Nxd5 13. Bg5 Qc8 14. c3 c5 15. Bb3 cxd4 16. Nxd4 Nc5 17. Bc2 e5 18. Nb3 f6 19. Nxc5 Qxc5 20. Ne4 Qc7 21. Bh4 Nf4 22. Bb3+ Kh8 {Schulze,L (2314)-Schulz,K (2301) Playchess.com INT 2020 0-1 (33)}) ({RR} 8. Nbd2 Bb7 9. c3 O-O 10. Rd1 c5 11. dxc5 bxc5 12. Nb3 Qc7 13. Bf4 e5 14. Bg5 Nbc6 15. Qd3 Nc8 16. a5 h6 17. Be3 N6e7 18. h4 Kh8 19. Nfd2 f5 20. f3 Qc6 21. h5 gxh5 22. Be6 f4 {So,W (2769)-Moussard,J (2654) Baku AZE 2023 ½-½ (40)}) 8... Bb7 9. Nbd2 Nd7 10. c3 O-O 11. Bb3 h6 12. h4 Ra7 13. Nf1 Qa8 14. Bc2 Nf6 15. Re1 c5 16. Bf4 Rd8 17. dxc5 bxc5 18. Rad1 e5 19. Bc1 Nh5 20. Bb3 Bc6 21. Bc4 a5 22. Qc2 Nc8 23. Bb5 Nb6 24. c4 Bb7 25. Ng3 Nxg3 26. fxg3 Bc8 27. Rd3 Be6 28. b3 Nc8 29. Qd1 Qb8 30. Bb2 Rf8 31. Bc3 f5 32. Nd2 Qc7 33. Nf1 f4 34. Nh2 Qe7 35. gxf4 Qxh4 36. fxe5 Raf7 37. Nf3 Qg3 38. Ree3 Bg4 39. Qe1 Qxe1+ 40. Bxe1 Bxf3 41. Rxf3 Bxe5 42. Bxa5 Ne7 43. Bc7 Nc6 44. Rxf7 Rxf7 45. Bxd6 Bd4+ 46. Kh2 Ne5 47. Bxe5 Bxe5+ 48. g3 Rf2+ 49. Kg1 Ra2 50. g4 Bd4+ 51. Kh1 Kf7 52. Rf3+ Ke6 53. Be8 Ra1+ 54. Kg2 Ra2+ 55. Kh1 Be5 56. Bxg6 1-0

[Event "Julius Baer Rapid Div 2 W"]
[Site "chess.com INT"]
[Date "2023.08.30"]
[Round "1.2"]
[White "Amin, B."]
[Black "Yakubboev, Nodirbek"]
[Result "1-0"]
[WhiteElo "2684"]
[BlackElo "2630"]
[PlyCount "43"]
[EventDate "2023.08.30"]
[EventType "k.o."]

1. Nf3 Nf6 2. g3 d5 3. Bg2 c5 4. O-O e6 5. d3 Nc6 6. Nbd2 Be7 7. e4 O-O 8. Re1 b5 9. e5 Nd7 10. Nf1 Qc7 11. Bf4 Bb7 12. Ne3 ({RR} 12. h4 Rfc8 13. h5 h6 14. N1h2 Qd8 15. Ng4 a5 16. Qd2 Bf8 17. Ngh2 Ra6 18. g4 Be7 19. Nf1 a4 20. a3 Rb6 21. Ne3 Nd4 22. Rac1 b4 23. Nf1 bxa3 24. bxa3 Rb2 25. N1h2 Qb6 26. g5 Nb3 {Tologontegin,S (2369)-Sidletskyi,I (2336) chess.com INT 2024 ½-½ (118)}) 12... Qb6 $146 ({RR} 12... Rfc8 13. Nxd5 exd5 14. e6 Bd6 15. Bxd6 Qxd6 16. exd7 Qxd7 17. a4 b4 18. a5 a6 19. d4 c4 20. Ne5 Nxe5 21. Rxe5 Re8 22. Qe1 Qb5 23. Qe3 h6 24. Re1 Rxe5 25. dxe5 Qxa5 26. e6 Qc7 27. exf7+ {Camacho Collados,J (2400)-Eggleston,D (2343) Ilkley 2022 1-0 (43)}) ({RR} 12... d4 13. Ng4 Qb6 14. h4 c4 15. a3 cxd3 16. cxd3 Rfc8 17. h5 Bf8 18. h6 g6 19. Ng5 Ne7 20. Bxb7 Qxb7 21. Ne4 Nf5 22. Qf3 Kh8 23. Bg5 a5 24. Qf4 Qb8 25. Rac1 b4 26. Rxc8 Qxc8 27. Nd6 {Petrosian,T (2601)-Jumabayev,R (2604) Tsaghkadzor 2017 1-0 (35)}) 13. h4 Rfc8 14. Ng5 h6 15. Nxd5 exd5 16. Nxf7 Nd4 17. Bh3 Nf8 18. e6 Rc6 19. Nxh6+ gxh6 20. Qg4+ Kh7 21. Qh5 Ndxe6 22. Qf7+ 1-0